| 000 | 01303nam a22002297a 4500 | ||
|---|---|---|---|
| 005 | 20100312095056.0 | ||
| 008 | 100312t xxu||||| |||| 00| 0 hin d | ||
| 010 | _aHIN-91179 | ||
| 020 |
_c295.00 _a9788189399221 |
||
| 035 | _aHN-63525 | ||
| 037 | _bDBAD / PUB | ||
| 040 |
_aDPL _bHN |
||
| 082 | _a954.42 | ||
| 100 |
_aबागड़ी, राजेन्द्र प्रसाद _916590 |
||
| 245 |
_aराजस्थान का सामाजिक एवं सांस्कृतिक इतिहासः _cराजेन्द्र प्रसाद बागड़ी _bपूर्व मध्यकालीन मेवाड़ के विशेष सन्दर्भ में अध्ययन / |
||
| 260 |
_aदिल्ली _bसुभद्रा पब्लिशर्स एंड डिस्ट्री _c2010 |
||
| 270 |
_aबी-216, चन्दू नगर, करावल नगर रोड _bदिल्ली _e110094 |
||
| 300 |
_a224पृ _c22सेमी (सजिल्द) _bसचित्र |
||
| 700 | _924583 | ||
| 942 |
_2ddc _cHN _mबागड़ी |
||
| 999 |
_c48971 _d48971 |
||